Skład Realu Madryt 2023/2024 - Statystyki

Ogólne statystyki
  • Ten quiz został rozwiązany 788 razy
  • Średni wynik to 13 z 22
Statystyki odpowiedzi
Numer Piłkarz % Poprawnych
7 Vinícius Júnior
87%
10 Luka Modric
83%
1 Thibaut Courtois
76%
5 Jude Bellingham
75%
4 David Alaba
74%
13 Andriy Lunin
73%
3 Éder Militão
73%
8 Toni Kroos
73%
2 Dani Carvajal
70%
22 Antonio Rüdiger
69%
12 Eduardo Camavinga
67%
15 Fede Valverde
59%
23 Ferland Mendy
59%
18 Aurélien Tchouaméni
50%
6 Nacho Fernández
47%
21 Brahim Díaz
45%
20 Fran García
40%
17 Lucas Vázquez
39%
19 Dani Ceballos
38%
11 Rodrygo Goes
36%
24 Jesús Vallejo
17%
16 Álvaro Odriozola
11%
Nie znaleziono quizów pasujących do podanych kryteriów
Rozkład punktacji
Procent ludzi z każdym wynikiem
Percentyl według liczby udzielonych odpowiedzi
Twoja historia wyników
Nie rozwiązałeś tego quizu